Εγχειρίδια ιταλικής γλώσσας ως μέσο περιβαλλοντικής ευαισθητοποίησης και δράσης : η περίπτωση του τμήματος Ιταλικής Γλώσσας και Φιλολογίας του Α.Π.Θ. : μεταπτυχιακή διπλωματική εργασία

Αποθηκεύτηκε σε:
Λεπτομέρειες βιβλιογραφικής εγγραφής
Κύριος συγγραφέας: Παναγιωτίδου, Σοφία
Συγγραφή απο Οργανισμό/Αρχή: Πανεπιστήμιο Αιγαίου Σχολή Ανθρωπιστικών Επιστημών Τμήμα Επιστημών της Προσχολικής Αγωγής και του Εκπαιδευτικού Σχεδιασμού Πρόγραμμα Μεταπτυχιακών Σπουδών Περιβαλλοντική Εκπαίδευση
Άλλοι συγγραφείς: Ανδρεαδάκης, Νίκος Σ. (Εισηγητής διατριβής)
Μορφή: Thesis Βιβλίο
Γλώσσα:Greek
Δημοσίευση: 2009
Θέματα:
Διαθέσιμο Online:http://hdl.handle.net/11610/15692
Ετικέτες: Προσθήκη ετικέτας
Δεν υπάρχουν, Καταχωρήστε ετικέτα πρώτοι!

MARC

LEADER 00000cam a2200000 i 4500
001 1/4013
008 100202s2009 gre d
035 |l 10106584 
040 |a GR-MY-UA  |b gre  |e aacr 
041 0 |a gre 
082 0 |a 363.700945  |2 (22) 
100 1 |a Παναγιωτίδου, Σοφία. 
245 1 0 |a Εγχειρίδια ιταλικής γλώσσας ως μέσο περιβαλλοντικής ευαισθητοποίησης και δράσης :  |b η περίπτωση του τμήματος Ιταλικής Γλώσσας και Φιλολογίας του Α.Π.Θ. : μεταπτυχιακή διπλωματική εργασία /  |c Παναγιωτίδου Σοφία ; επιβλέπων: Ανδρεαδάκης Νικόλαος 
260 |c 2009 
300 |a 108 σ.;  |b πιν.;  |c 30 εκ. 
500 |a Μέλη εξεταστικής επιτροπής: Καΐλα Μαρία, Σκαναβή Κωνσταντίνα 
502 |a Διατριβή (μεταπτυχιακή) – Πανεπιστήμιο Αιγαίου, Ρόδος, 2009. 
504 |a Βιβλιογραφία: σ. 103-108 
650 0 0 |a Environmental policy  |z Italy  |x Handbooks, manuals, etc. 
650 0 0 |a Italian language. 
650 0 0 |a Dissertations, Academic  |z Greece. 
651 0 |a Italy  |x Environmental conditions  |x Handbooks, manuals, etc. 
700 1 |4 ths  |a Ανδρεαδάκης, Νίκος Σ. 
710 2 |a Πανεπιστήμιο Αιγαίου  |b Σχολή Ανθρωπιστικών Επιστημών  |b Τμήμα Επιστημών της Προσχολικής Αγωγής και του Εκπαιδευτικού Σχεδιασμού  |b Πρόγραμμα Μεταπτυχιακών Σπουδών Περιβαλλοντική Εκπαίδευση. 
852 |a INST  |b RHODES  |c DIATR  |e 20100202  |h 363.700945 ΠΑΝ  |p 005400032485  |q 005400032485  |t MTXE  |y 23 
852 |a INST  |b RHODES  |c DIATR  |e 20100202  |h 363.700945 ΠΑΝ  |p 005400032486  |q 005400032486  |t MTXE  |y 23 
856 |u http://hdl.handle.net/11610/15692 
901 |a BIBL4-2010-1 
909 |a Ρ  |b 159720 
909 |a Ρ  |b 159721 
924 |a ΠΑΝΑΓΙΩΤΙΔΟΥ  |b ΣΟΦΙΑ  |y ΡΟΔΟΣ  |z 2009-07 
970 |a ΚΟΖΑ  |b ΜΑΡΙΑ  |z 2010/02/02